000 00284 a2200109 4500
001 ART_5664
005 20260410161617.0
008 260409a
245 1 0 _aSecreto profesional
100 1 _aMelzi, Flavia Irene
773 0 _tEnfoques
_g- NÂș 7 (jul. 2006)
_wREV416
999 _c11167
_d11167